000 00978nam a2200253 i 4500
001 170579
003 ES-MaACL
005 20250303062550.0
008 090320q1890 sp |||| | spa d
080 _a061.41 Paris "1889"
100 1 _aPardo Bazán, Emilia,
_cCondesa de,
_d1851-1921
_9176434
245 1 0 _aPor Francia y por Alemania
_b: (crónicas de la Exposición) /
_cE. Pardo Bazán.
260 _aMadrid :
_bLa España,
_c[ca. 1890] (
_fImp. de J. Cruzado)
300 _a262 p. ;
_c19 cm.
530 _aDisponible en formato digital.
611 2 4 _aExposición Universal.
_d1889.
_cParís)
_9135154
651 4 _aParís-
_xDescripción.
_99207
651 4 _aAlemania-
_xDescripción.
_97657
852 _aES-MaACL
_jB-5787
852 _aES-MaACL
_jL-32313
_z. - Donat. herederos de la bibl. de Mª del Pilar Costa Palacín
856 _uhttp://bdh-rd.bne.es/viewer.vm?id=0000037994&page=1
_zBiblioteca Digital Hispánica
942 _2udc
999 _c170579
_d170579